00965cam a2200253 a 450000500170000000800410001701000170005802000180007508200150009324501290010825000120023726000380024950400320028765000630031965000460038265000150042865000250044370000180046870000240048690600450051094200070055595201300056299900190069220250502131141.0880908s1986 paua b 001 0 eng  a 85080832  a0-7234-1834-900a616.8/046200aCash's textbook of neurology for physiotherapists /cedited by Patricia A. Downie ; with a foreword by Dame Cicely Saunders. a4th ed. aNew delhibJaypee Brothersc1986. aBibliography: p. [634]-635. 0aNervous systemxDiseasesxPhysical therapy.vPhysiotherapy 0aNeuromuscular diseasesxPhysical therapy. 0aNeurology. 0aPhysical therapists.1 aCash, Joan E.1 aDownie, Patricia A. a7bcbccorignewd3eopcnf19gy-gencatlg cBK 00104070aNICHELIBbNICHELIBcGENd2025-05-02e7-04-2025g795.00l0o616.8 P3p83579r2025-05-02 13:12:32w2025-05-02yBKk c248873d248873